[Event "HUN-chT2 Szechenyi 1415"]
[Site "Hungary"]
[Date "2014.10.12"]
[Round "3.5"]
[White "Ongai, Erik"]
[Black "Csaba, Arpad Jr"]
[Result "1/2-1/2"]
[WhiteElo "2058"]
[BlackElo "2133"]
[PlyCount "24"]
[EventDate "2014.09.07"]
[EventType "team-tourn"]
[EventRounds "11"]
[EventCountry "HUN"]
[SourceTitle "EXT 2016"]
[Source "ChessBase"]
[SourceDate "2015.10.08"]
[SourceVersion "1"]
[SourceVersionDate "2015.10.08"]
[SourceQuality "1"]
[WhiteTeam "Sarvar"]
[BlackTeam "Ajka Banyasz"]
[WhiteTeamCountry "HUN"]
[BlackTeamCountry "HUN"]

1. e4 e6 2. d4 d5 3. exd5 exd5 4. Nf3 Bd6 5. Bd3 Ne7 6. 0-0 0-0 7. c3 Bf5 8. Bg5 f6 9. Bh4 c6 10. Bg3 Bxd3 11. Qxd3 Ng6 12. Re1 Bxg3 1/2-1/2

[Event "HUN-chT2 Szechenyi 1112"]
[Site "Hungary"]
[Date "2012.03.12"]
[Round "7.2"]
[White "Csaba, Arpad Jr"]
[Black "Gyorfi, Norbert"]
[Result "0-1"]
[WhiteElo "2139"]
[BlackElo "1828"]
[PlyCount "84"]
[EventDate "2011.09.25"]
[EventType "team-tourn"]
[EventRounds "11"]
[EventCountry "HUN"]
[SourceTitle "EXT 2013"]
[Source "ChessBase"]
[SourceDate "2012.11.22"]
[SourceVersion "1"]
[SourceVersionDate "2012.11.22"]
[SourceQuality "1"]
[WhiteTeam "Ajka Banyasz"]
[BlackTeam "Zalakaros"]
[WhiteTeamCountry "HUN"]
[BlackTeamCountry "HUN"]

1. b3 f5 2. Bb2 Nf6 3. f4 d6 4. Nf3 Nc6 5. e3 g6 6. Bb5 Bd7 7. 0-0 Bg7 8. Qe2 0-0 9. Qc4+ Kh8 10. Ng5 Qe8 11. Bxc6 bxc6 12. d3 e6 13. Nd2 h6 14. Ngf3 c5 15. a4 Bc6 16. e4 Qd7 17. Rae1 Rfe8 18. Re2 Kh7 19. Ba1 a5 20. Rfe1 Rab8 21. Bxf6 Bxf6 22. e5 Rb4 23. Qc3 Bg7 24. Nc4 Bxf3 25. gxf3 Qc6 26. Kf2 d5 27. Na3 Rxf4 28. Qd2 g5 29. Kg2 d4 30. Rf2 Rg8 31. Nc4 Qd5 32. Qxa5 Rxf3 33. Rxf3 g4 34. Qxc7 Qxf3+ 35. Kg1 g3 36. hxg3 Qxg3+ 37. Kf1 Qf3+ 38. Kg1 Kh8 39. Qf7 Bxe5+ 40. Qxg8+ Kxg8 41. Nxe5 Qg3+ 42. Kh1 Qxe1+ 0-1

[Event "HUN-chT2 Szechenyi 1011"]
[Site "Hungary"]
[Date "2010.10.10"]
[Round "3.3"]
[White "Csaba, Arpad Jr"]
[Black "Jonas, Zsolt"]
[Result "0-1"]
[WhiteElo "2058"]
[BlackElo "2119"]
[PlyCount "72"]
[EventDate "2010.09.12"]
[EventType "team-tourn"]
[EventRounds "11"]
[EventCountry "HUN"]
[SourceTitle "EXT 2012"]
[Source "ChessBase"]
[SourceDate "2011.11.24"]
[SourceVersion "1"]
[SourceVersionDate "2011.11.24"]
[SourceQuality "1"]
[WhiteTeam "Ajka Banyasz"]
[BlackTeam "Veszprem"]
[WhiteTeamCountry "HUN"]
[BlackTeamCountry "HUN"]

1. d4 e6 2. e4 c5 3. d5 exd5 4. exd5 d6 5. Nc3 Nf6 6. Nf3 Be7 7. h3 0-0 8. Bd3 a6 9. a4 Qc7 10. Nd2 b6 11. 0-0 Bb7 12. Nc4 Nbd7 13. Bg5 h6 14. Re1 Ne5 15. Bxf6 Bxf6 16. Ne4 Nd7 17. Qh5 Be5 18. Ne3 g6 19. Qxh6 Bg7 20. Qh4 Rfe8 21. Ng5 Ne5 22. Bf1 Rad8 23. c3 Nd7 24. Nh7 Re5 25. Ng5 Rde8 26. Qf4 Nf6 27. c4 Nh5 28. Qh4 Bf6 29. Nf5 Rxe1 30. Rxe1 Rxe1 31. f4 Rc1 32. g4 Bc8 33. Nh6+ Kg7 34. gxh5 Qe7 35. Ng4 Bxg5 36. h6+ Kh7 0-1

[Event "HUN-chT2 Szechenyi 0809"]
[Site "Hungary"]
[Date "2009.04.05"]
[Round "10.5"]
[White "Horvath, Adam2222"]
[Black "Csaba, Arpad Jr"]
[Result "1/2-1/2"]
[WhiteElo "2078"]
[BlackElo "2138"]
[PlyCount "65"]
[EventDate "2008.10.26"]
[EventType "team-tourn"]
[EventRounds "11"]
[EventCountry "HUN"]
[SourceTitle "EXT 2010"]
[Source "ChessBase"]
[SourceDate "2010.11.25"]
[SourceVersion "1"]
[SourceVersionDate "2010.11.25"]
[SourceQuality "1"]
[WhiteTeam "Tapolca II"]
[BlackTeam "Ajka Banyasz"]
[WhiteTeamCountry "HUN"]
[BlackTeamCountry "HUN"]

1. e4 e6 2. d4 d5 3. e5 Qd7 4. Nf3 Ne7 5. Be2 b6 6. 0-0 Ba6 7. a3 Bxe2 8. Qxe2 Nbc6 9. b4 Nf5 10. Rd1 h5 11. Bb2 Be7 12. Nbd2 g5 13. Nb3 g4 14. Ne1 Bg5 15. Bc1 Bxc1 16. Raxc1 a5 17. b5 Nce7 18. c4 dxc4 19. Qxc4 Nd5 20. Nc2 Kf8 21. Re1 Rc8 22. Ne3 Nfe7 23. Nxd5 Qxd5 24. Nd2 Kg7 25. Qxd5 Nxd5 26. Ne4 Rhd8 27. Rc4 Kg6 28. Rec1 Rd7 29. Kf1 Rcd8 30. g3 f6 31. exf6 Nxf6 32. Nxf6 Kxf6 33. Rd1 1/2-1/2

[Event "HUN-chT2 Szechenyi 0304"]
[Site "Hungary"]
[Date "2003.09.28"]
[Round "1"]
[White "Csaba, Arpad Jr"]
[Black "Mezei, Zsolt"]
[Result "1-0"]
[WhiteElo "2128"]
[BlackElo "2100"]
[PlyCount "59"]
[EventDate "2003.09.28"]
[EventType "team"]
[EventRounds "11"]
[EventCountry "HUN"]
[SourceTitle "EXT 2009"]
[Source "ChessBase"]
[SourceDate "2008.11.26"]
[SourceVersion "1"]
[SourceVersionDate "2008.11.26"]
[SourceQuality "1"]
[WhiteTeam "Ajka Banyasz"]
[BlackTeam "Veszprem"]
[WhiteTeamCountry "HUN"]
[BlackTeamCountry "HUN"]

1. f4 d5 2. b3 Nf6 3. Bb2 g6 4. Nf3 Bg7 5. e3 0-0 6. Be2 c5 7. 0-0 Nc6 8. Ne5 Nd7 9. d4 cxd4 10. exd4 Ndxe5 11. fxe5 Bf5 12. c3 f6 13. exf6 Bxf6 14. Bf3 Qd7 15. Na3 Rad8 16. Nc2 e5 17. Ba3 Rfe8 18. Ne3 e4 19. Bg4 Bxg4 20. Nxg4 Bg7 21. Nf6+ Bxf6 22. Rxf6 Re6 23. Rf4 Rde8 24. Qe2 a6 25. Raf1 b5 26. Bc5 Na5 27. Qf2 R6e7 28. Rf8+ Kg7 29. Qf6+ Kh6 30. Rf4 1-0

[Event "HUN-chT2 Szechenyi 0203"]
[Site "Hungary"]
[Date "2002.12.08"]
[Round "4"]
[White "Toth, Laszlo2222"]
[Black "Csaba, Arpad Jr"]
[Result "1/2-1/2"]
[WhiteElo "2061"]
[BlackElo "2128"]
[PlyCount "35"]
[EventDate "2002.09.22"]
[EventType "team"]
[EventRounds "11"]
[EventCountry "HUN"]
[SourceTitle "EXT 2009"]
[Source "ChessBase"]
[SourceDate "2008.11.26"]
[SourceVersion "1"]
[SourceVersionDate "2008.11.26"]
[SourceQuality "1"]

1. d4 e6 2. c4 d5 3. Nc3 c6 4. cxd5 exd5 5. Nf3 Bd6 6. Bg5 f6 7. Bh4 Ne7 8. Bg3 Bf5 9. e3 Bxg3 10. hxg3 Qb6 11. Qd2 g5 12. Na4 Qc7 13. Bd3 Bg6 14. Qc2 Kf7 15. Nc3 Na6 16. a3 Rad8 17. b4 Kg7 18. Rc1 1/2-1/2

[Event "HUN-ch KO"]
[Site "Budapest"]
[Date "2000.08.31"]
[Round "2.2"]
[White "Magyar, Otto"]
[Black "Csaba, Arpad Jr"]
[Result "1/2-1/2"]
[WhiteElo "2340"]
[BlackElo "2133"]
[PlyCount "99"]
[EventDate "2000.08.28"]
[EventType "k.o."]
[EventRounds "6"]
[EventCountry "HUN"]
[SourceTitle "EXT 2001"]
[Source "ChessBase"]
[SourceDate "2000.11.22"]
[SourceVersion "1"]
[SourceVersionDate "2000.11.22"]
[SourceQuality "1"]

1. e4 e6 2. d4 d5 3. Nc3 Nf6 4. e5 Ne4 5. Bd3 Nxc3 6. bxc3 c5 7. f4 Nc6 8. Nf3 Qa5 9. Bd2 c4 10. Be2 Be7 11. 0-0 f5 12. exf6 gxf6 13. Re1 Bd7 14. Bf1 0-0-0 15. Re2 Rhg8 16. Qe1 Qc7 17. Kh1 Bd6 18. g3 Rde8 19. Bg2 h5 20. Qf2 Ne7 21. Nh4 f5 22. Bf3 Rh8 23. Re3 Rh6 24. Qe2 Reh8 25. Be1 Ng6 26. Nxg6 Rxg6 27. Bxh5 Rgh6 28. Bf7 Qd8 29. Bxe6 Bxe6 30. Rxe6 Rxh2+ 31. Qxh2 Rxh2+ 32. Kxh2 Bxf4 33. Bf2 Bd6 34. Rae1 Kc7 35. Kg2 Qg8 36. Rf6 f4 37. Ree6 fxg3 38. Rg6 Qf8 39. Bxg3 Bxg3 40. Kxg3 Kd7 41. Re5 Qa3 42. Rg7+ Kd6 43. Rg6+ Kd7 44. Rxd5+ Ke7 45. Rg7+ Kf6 46. Rgd7 Qc1 47. R5d6+ Kg5 48. Rg7+ Kf5 49. Rf7+ Kg5 50. Rg7+ 1/2-1/2